May 12th: Birthdays - Statistics

General Stats
  • This quiz has been taken 9 times
  • The average score is 5 of 10
Answer Stats
Year Clue Answer % Correct
1968 Famous skateboarder Tony Hawk
88%
1956 TV character known for love of strawberry glazed doughnuts Homer Simpson
75%
1981 Actor in Bohemian Rhapsody Rami Malek
75%
1820 Founder of modern nursing Florence Nightingale
63%
1907 Actress in On Golden Pond Katharine Hepburn
63%
1925 Baseball Hall of Fame catcher for NYY Yogi Berra
38%
1975 Youngest ever All Black Jonah Lomu
25%
1918 US civilian executed for espionage Julius Rosenberg
25%
1842 Made the Le Cid Opera Jules Massenet
13%
1924 Comedian who has 2 TV Shows Tony Hancock
0%
No matching quizzes found
Score Distribution
Percent of People with Each Score
Percentile by Number Answered
Your Score History
You have not taken this quiz